000
00205nam a2200097Ia 4500
008
190216s9999||||xx |||||||||||||| ||und||
100
_a
Chummar T M
245
0
_a
Chindapatham
260
_b
Null
942
_c
BK
999
_c
24112
_d
24112